[Event "87th Tata Steel Masters"]
[Site "Wijk aan Zee NED"]
[Date "2025.01.19"]
[Round "2.7"]
[White "Erigaisi, Arjun"]
[Black "Giri, Anish"]
[Result "1/2-1/2"]
[Annotator "Abeln,Michiel"]
[WhiteElo "2801"]
[BlackElo "2731"]
[PlyCount "101"]
[GameId "2135882198529244"]
[EventDate "2025.01.18"]

1. e4 c5 2. Nf3 d6 3. d4 cxd4 4. Nxd4 Nf6 5. Nc3 a6 6. Be2 e5 7. Nb3 Be7 8. Qd3 ({Relevant:} 8. Bg5 Be6 9. Bxf6 Bxf6 10. Qd3 O-O 11. O-O-O Be7 12. Nd5 Bxd5 13. Qxd5 Qb6 14. Rhf1 Nd7 15. Nd2 Bg5 16. Kb1 Nf6 17. Qb3 Qc7 18. Nc4 b5 19. Nxd6 Rad8 20. Qa3 Qc6 21. f3 g6 22. c4 b4 23. Qxb4 Be3 24. Nb7 Rb8 25. Na5 Qc7 26. Qa4 Rb6 27. Nb3 Bc5 28. Nxc5 Qxc5 29. Rd2 Rfb8 30. Rfd1 Kg7 31. Rc2 a5 32. a3 h5 33. h4 Rb3 34. Ka2 Qb6 35. Rdd2 Nd7 36. Qxd7 Rxa3+ 37. Kb1 Qb3 {1-0 Carlsen,M (2831)-Aronian,L (2747) Oslo CCT Final 2024 (6.1)}) 8... Be6 9. Nd5 $1 {[%mdl 4] outshines the older 9.0-0.} Nxd5 10. exd5 Bc8 11. a4 a5 12. O-O O-O 13. f4 Nd7 14. Kh1 {[#]} b6 $146 ({Predecessor:} 14... Bf6 15. f5 Bg5 16. Be3 b6 17. Nd2 f6 18. b3 Ra7 19. Rae1 Ba6 20. c4 Bc8 21. Bg1 Bxd2 22. Qxd2 Nc5 23. Bd1 g6 24. Bc2 gxf5 25. Bxf5 Bxf5 26. Bxc5 bxc5 27. Rxf5 Rg7 28. Ref1 Kh8 29. h3 Kg8 30. g4 Rgf7 31. Qh6 Qe7 32. R1f3 e4 33. Re3 Re8 34. Kg2 Qd8 35. Kg3 Re5 36. Qf4 Qe7 37. h4 Kg7 38. Kf2 Rf8 39. Ke2 Rf7 40. Rg3 Kf8 41. Rg2 Kg7 42. Rf2 Rxf5 43. Qxf5 Qb7 44. g5 {1-0 Oparin,G (2667)-Mendonca,L (2603) FRA-chT Top 16 GpB Chartres 2023 (4.4)}) 15. Qd1 Ba6 {Giri also looked at two alterntives:} (15... Qc7 16. f5) (15... Nc5 16. Nxc5 bxc5 17. fxe5 (17. f5 Bg5) 17... dxe5) 16. Bxa6 Rxa6 17. fxe5 dxe5 18. d6 Bg5 19. Bxg5 Qxg5 20. Qd5 Qg4 (20... Qd8 {Black should probably have played this.} 21. Rf3 (21. Nd2 Ra8 22. Ne4 Rc8 23. Rf2 Qe8 (23... Nc5)) 21... Ra7 22. Nd2 Qa8) 21. Nd2 Qe6 22. Qxe6 fxe6 23. Rxf8+ Kxf8 24. Nc4 (24. Ne4 Ke8 {And Giri felt Black can hold this.}) 24... Ra8 25. Kg1 Kf7 26. Kf2 Rc8 27. b3 Kg6 (27... Ke8 {was an alternative.}) 28. Ke3 Rf8 29. g3 h5 30. Rd1 Kg5 31. h3 ({Some of the lines we looked at afterwards with Arjun to make more of his advantage:} 31. Re1 Kh6 32. h4 (32. b4 axb4 (32... Rc8 33. Kd3) 33. Rb1 Rc8 34. Rxb4) 32... g5 33. hxg5+ Kxg5 34. Nd2 Rh8 35. Ne4+ Kg6 36. Rg1 Rb8 37. c3) (31. b4 {this doesn't work for White.} Rc8 32. Kd3 axb4 33. Rb1) (31. h4+ Kg6 32. Re1 Rc8 {is quite promising.}) 31... Kg6 32. Ke2 Rc8 33. Rf1 Rc5 34. Kd3 (34. h4 {was a strong alternative.}) 34... Rd5+ 35. Kc3 Rc5 36. b4 axb4+ 37. Kxb4 Rc8 38. Ra1 (38. Rf3 Rc6 39. Re3 ({not good is} 39. Rc3 e4) 39... Kf6 40. Re1 Rc8 41. Rf1+ Kg6 42. g4 h4 43. Re1 Kf6 44. Re4 Rc6 45. Kb5 Rc5+ 46. Ka6 {winning}) 38... Kf5 39. a5 $6 {Almost equal now.} (39. Rf1+) 39... bxa5+ 40. Rxa5 Ke4 41. Ra7 Rb8+ (41... Kd5) 42. Kc3 Rd8 43. Rc7 Nf6 44. Rxg7 Nd5+ 45. Kd2 Kd4 $2 {Giri was getting close to the draw but here he makes a mistake.} (45... Nb6 {This is a clear improvement.} 46. Rc7 Nxc4+ 47. Rxc4+ Kf3 48. Rc3+ Kf2 49. Kd3 Rxd6+ {the simple way to draw.} (49... Kf3 50. Kc4+ Kf2 51. Kc5 Rc8+ 52. Kb6 (52. Kb5 Rb8+ (52... Rxc3 {this actually loses.} 53. d7 e4 54. d8=Q Rf3 55. Kc4 e3 56. Qb6 Kf1 57. Qb1+ Kf2 58. Kd3)) 52... Rxc3 53. d7 e4 54. d8=Q Rf3) 50. Ke4 Rd1) 46. Na3 $2 {And here Arjun misses a final big chance.} (46. Rc7 {Giri had seen this option, but...} e4 47. Na5 {the idea of Nc6+ he had missed.} e3+ (47... Nxc7 48. Nc6+ Kc5 49. Nxd8 Kxd6 50. Ke3 {winning for White}) 48. Ke2 Rxd6 49. Rc4+ Ke5 50. Rh4 {winning.}) 46... Nc3 47. d7 e4 48. Ke1 Kc5 (48... e3 {playing for a win for Black, and Giri did consider this but it doesn't work:} 49. g4 (49. Rg5 e5 50. Rxh5 Rxd7 51. Rh4+ e4 52. Rh5 Rb7 53. Rh8 {[%eval 0,0] says the engine.}) 49... Ke4 50. gxh5 Ra8 51. Rg4+ Kf3 52. Rd4 {again triple zeros.}) 49. Kd2 Kd4 50. Ke1 Kc5 51. Kd2 1/2-1/2

[Event "Tata Steel Challengers"]
[Site "Wijk aan Zee NED"]
[Date "2025.01.19"]
[Round "2.2"]
[White "Vaishali, Rameshbabu"]
[Black "Lu, Miaoyi"]
[Result "1/2-1/2"]
[WhiteTitle "GM"]
[BlackTitle "IM"]
[WhiteElo "2476"]
[BlackElo "2429"]
[WhiteFideId "5091756"]
[BlackFideId "8618020"]
[EventDate "2025.01.18"]

1. d4 Nf6 2. c4 e6 3. g3 d5 4. Bg2 Be7 5. Nf3 O-O 6. Nc3 a5 7. O-O c6 8. b3 b6
9. Ne5 Ba6 10. Bb2 Nfd7 11. cxd5 cxd5 12. Rc1 Nxe5 13. dxe5 Ra7 14. Qd2 Rd7 15.
Rfd1 Bb4 16. e3 Qe7 17. Qd4 Bc5 18. Qa4 Rc8 19. Nb5 Nc6 20. Bf1 Bxb5 21. Bxb5
Rdc7 22. a3 Na7 23. Ba6 Rb8 24. Bf1 h5 25. Rc2 Qd7 26. Qh4 g6 27. Rdc1 Rbc8 28.
Ba6 Ra8 29. b4 axb4 30. axb4 Qa4 31. bxc5 Qxa6 32. cxb6 Rxc2 33. Rxc2 Qxb6 34.
Qd4 1/2-1/2

[Event "Tata Steel Challengers"]
[Site "Wijk aan Zee NED"]
[Date "2025.01.19"]
[Round "2.3"]
[White "Svane, Frederik"]
[Black "Oro, Faustino"]
[Result "1-0"]
[WhiteTitle "GM"]
[BlackTitle "IM"]
[WhiteElo "2664"]
[BlackElo "2447"]
[WhiteFideId "12923044"]
[BlackFideId "20000197"]
[EventDate "2025.01.18"]

1. c4 e6 2. Nc3 d5 3. d4 Nf6 4. cxd5 exd5 5. Bg5 c6 6. e3 h6 7. Bh4 Be7 8. Bd3
O-O 9. Nge2 Ne8 10. Bg3 Nd6 11. Qc2 Re8 12. O-O a5 13. Rad1 Bf8 14. h3 Nd7 15.
Kh1 Nf6 16. Be5 Nd7 17. Bf4 Nf6 18. Ng3 b5 19. Nb1 Qb6 20. Nd2 Ba6 21. Rc1 Rac8
22. Nf5 Nde4 23. Bxe4 dxe4 24. Bd6 b4 25. Bxf8 Kxf8 26. Rfd1 Bd3 27. Qc5+ Qxc5
28. Rxc5 Nd7 29. Rxa5 Ra8 30. Nb3 Rxa5 31. Nxa5 Ra8 32. Nxc6 Rxa2 33. Nxb4 Rxb2
34. Nxd3 exd3 35. Kg1 Rb3 36. g4 Nb6 37. Nd6 Na4 38. Ne4 Ke7 39. Ra1 Nc3 40.
Nxc3 Rxc3 41. Kf1 Ke6 42. Ke1 Rb3 43. Ra6+ Kd5 44. Ra5+ Ke6 45. Re5+ Kd6 46. Kd2
g6 47. f4 Rb2+ 48. Kxd3 Rh2 49. f5 g5 50. Ra5 Rxh3 51. Ra6+ Ke7 52. d5 Rg3 53.
f6+ Kd7 54. Ra7+ Ke8 55. Re7+ 1-0

[Event "Tata Steel Challengers"]
[Site "Wijk aan Zee NED"]
[Date "2025.01.19"]
[Round "2.4"]
[White "Divya, Deshmukh"]
[Black "Nguyen, Thai Dai Van"]
[Result "1/2-1/2"]
[WhiteTitle "IM"]
[BlackTitle "GM"]
[WhiteElo "2490"]
[BlackElo "2668"]
[WhiteFideId "35006916"]
[BlackFideId "358878"]
[EventDate "2025.01.18"]

1. e4 c5 2. Nf3 d6 3. d4 cxd4 4. Nxd4 Nf6 5. Nc3 a6 6. Be2 e5 7. Nb3 Be7 8. Be3
Be6 9. f4 exf4 10. Bxf4 Nc6 11. Qd2 O-O 12. O-O-O Ne5 13. Rhg1 b5 14. g4 Ng6 15.
g5 b4 16. gxf6 bxc3 17. bxc3 Bxf6 18. Bxd6 Rc8 19. c4 Bxc4 20. Bxc4 Rxc4 21. e5
Be7 22. Qe2 Ra4 23. Rg4 Qe8 24. Rxa4 Qxa4 25. Kb2 Re8 26. Bxe7 Rxe7 27. Rd4 Qc6
28. Rd6 Qe8 29. Qd1 Qf8 30. Rxa6 Nxe5 31. Qd5 Re8 32. a4 g6 33. Ka2 Ng4 34. Rc6
Ne3 1/2-1/2

[Event "Tata Steel Challengers"]
[Site "Wijk aan Zee NED"]
[Date "2025.01.19"]
[Round "2.5"]
[White "Bok, Benjamin"]
[Black "Gurel, Ediz"]
[Result "1-0"]
[WhiteTitle "GM"]
[BlackTitle "GM"]
[WhiteElo "2583"]
[BlackElo "2624"]
[WhiteFideId "1017063"]
[BlackFideId "44507356"]
[EventDate "2025.01.18"]

1. e4 c5 2. Nf3 d6 3. d4 cxd4 4. Nxd4 Nf6 5. Nc3 a6 6. Be3 e5 7. Nb3 Be7 8. f3
Be6 9. Qd2 h5 10. Nd5 Nxd5 11. exd5 Bf5 12. Be2 Nd7 13. O-O O-O 14. Na5 Qc7 15.
c4 h4 16. b4 h3 17. g4 Bg6 18. Rac1 f5 19. c5 f4 20. cxd6 Qxd6 21. Bc5 Nxc5 22.
bxc5 Qd7 23. d6 Bh4 24. Qd5+ Kh8 25. Nxb7 Qa4 26. c6 e4 27. Qc4 Qxc4 28. Rxc4
Bf7 29. Rxe4 Bf6 30. Rd1 1-0

[Event "Tata Steel Challengers"]
[Site "Wijk aan Zee NED"]
[Date "2025.01.19"]
[Round "2.6"]
[White "Yakubboev, Nodirbek"]
[Black "Nogerbek, Kazybek"]
[Result "1/2-1/2"]
[WhiteTitle "GM"]
[BlackTitle "GM"]
[WhiteElo "2659"]
[BlackElo "2514"]
[WhiteFideId "14203987"]
[BlackFideId "13710427"]
[EventDate "2025.01.18"]

1. d4 Nf6 2. c4 e6 3. Nf3 d5 4. Nc3 Be7 5. Bf4 O-O 6. e3 c5 7. dxc5 Bxc5 8. Qc2
Nc6 9. Rd1 Qa5 10. a3 Be7 11. Be2 dxc4 12. Bxc4 Bd7 13. O-O Rfd8 14. Ne4 Nxe4
15. Qxe4 Be8 16. Qb1 Rxd1 17. Rxd1 Rd8 18. g4 h6 19. Rc1 Bd6 20. Qe4 Bxf4 21.
Qxf4 Ne7 22. Be2 Bc6 23. Ne5 Qd2 24. Qxf7+ Kh8 25. Rxc6 Nxc6 26. Ng6+ Kh7 27.
Nf4 Ne5 28. Qxe6 Qc1+ 29. Bf1 Nf3+ 30. Kg2 Nh4+ 31. Kg1 Nf3+ 1/2-1/2

[Event "Tata Steel Challengers"]
[Site "Wijk aan Zee NED"]
[Date "2025.01.19"]
[Round "2.7"]
[White "Bulmaga, Irina"]
[Black "L'Ami, Erwin"]
[Result "0-1"]
[WhiteTitle "IM"]
[BlackTitle "GM"]
[WhiteElo "2386"]
[BlackElo "2614"]
[WhiteFideId "13903063"]
[BlackFideId "1007998"]
[EventDate "2025.01.18"]

1. e4 c5 2. Nf3 d6 3. Bb5+ Bd7 4. Bxd7+ Qxd7 5. O-O Nf6 6. Re1 Nc6 7. c3 e6 8.
d4 cxd4 9. cxd4 d5 10. e5 Ne4 11. Re3 Bb4 12. Ne1 h6 13. f3 Ng5 14. Re2 O-O 15.
h4 Nh7 16. Be3 f6 17. Nd3 Be7 18. Qe1 fxe5 19. dxe5 Rf5 20. Bf2 Nf8 21. f4 Ng6
22. g3 h5 23. a3 Nh8 24. Nd2 Nf7 25. b4 Nh6 26. Nb3 a6 27. Rc1 Qe8 28. Nd4 Nxd4
29. Bxd4 Qg6 30. Rg2 Rff8 31. Qd2 Rfc8 32. Bc5 Bd8 33. Rc3 Rc6 34. a4 b6 35. Bd4
Rac8 36. Rxc6 Rxc6 37. Kh1 Qe4 38. Bg1 Nf5 39. Kh2 d4 40. b5 axb5 41. axb5 Rc3
42. Nb4 Bxh4 43. Bf2 Be7 44. Nc6 Bc5 45. Qa2 Rc2 46. Qxe6+ Kh7 47. Qf7 d3 48.
Qxh5+ Nh6 49. f5 Qxf5 50. Qxf5+ Nxf5 51. Be1 Ne3 0-1